Henry Cabot Lodge /

Gespeichert in:
Bibliographische Detailangaben
1. Verfasser: Miller, William J.
Format: Sách giấy
Sprache:English
Veröffentlicht: New York : James H. Heineman, 1967.
Tags: Tag hinzufügen
Keine Tags, Fügen Sie den ersten Tag hinzu!
Thư viện lưu trữ: Thư viện Trường Đại học Đà Lạt
LEADER 00603nam a2200265 4500
001 DLU100108952
005 ##2010069
040 # # |a DLU  |b vie 
041 # # |a eng 
044 # # |a us 
082 # # |a 973.909 2  |b MI-W 
100 # # |a Miller, William J. 
245 # # |a Henry Cabot Lodge /  |c William J. Miller. 
260 # # |a New York :  |b James H. Heineman,  |c 1967. 
300 # # |a 449 p. ;  |c 25 cm. 
923 # # |a 100/2010 
992 # # |a 0 
994 # # |a DLU 
900 # # |a True 
911 # # |a Lý Thị Hồng Hạnh 
925 # # |a G 
926 # # |a A 
927 # # |a SH 
980 # # |a Thư viện Trường Đại học Đà Lạt